000 00407nam a2200145Ia 4500
008 151213s9999 xx 000 0 und d
100 _aScot Dear
245 _aReport of The Household Income & Expenditure Survey - 2000
_cScot Dear
260 _aBangladesh
_bBangladesh Bureau Of Statistics
_c2003
300 _a1585 p.
650 _aReference
650 _aReference
700 _aScot Dear
999 _c1208
_d1208